| 000 | 00830nam a22002537a 4500 | ||
|---|---|---|---|
| 999 |
_c216286 _d216286 |
||
| 005 | 20260217093107.0 | ||
| 008 | 260217b ||||| |||| 00| 0 eng d | ||
| 020 | _a9781498725439 | ||
| 040 |
_aLC _cUNZA _eRDA |
||
| 050 |
_aRM 930 _bLUN 2017 |
||
| 100 |
_aLundgren, Charlotte _eauthor |
||
| 245 |
_aTeamwork in medical rehabilitation / _cCharlotte Lundgren and Carl Molander. |
||
| 260 |
_aAbingdon, Oxon : _bRoutledge, _c2017. |
||
| 300 |
_ax, 121 pages : _billustrations. |
||
| 336 | _aText | ||
| 337 | _aUnmediated | ||
| 338 | _aVolume | ||
| 504 | _aIncludes index. | ||
| 650 |
_aRehabilitation _xorganization and administration. |
||
| 650 | _aInterdisciplinary Communication. | ||
| 650 |
_aPhysical and Rehabilitaion Medicine _xorganization and administration. |
||
| 700 |
_aMolander, Carl _eauthor |
||
| 942 | _cBOOK | ||